<?xml version="1.0" encoding="UTF-8"?>
<record
    xmlns:xsi="http://www.w3.org/2001/XMLSchema-instance"
    xsi:schemaLocation="http://www.loc.gov/MARC21/slim http://www.loc.gov/standards/marcxml/schema/MARC21slim.xsd"
    xmlns="http://www.loc.gov/MARC21/slim">

  <leader>02595nam a22002777a 4500</leader>
  <controlfield tag="001">8665</controlfield>
  <controlfield tag="003">FISKH</controlfield>
  <controlfield tag="005">20251009095858.0</controlfield>
  <controlfield tag="008">251009b        cb ||||| |||| 00| 0 eng d</controlfield>
  <datafield tag="040" ind1=" " ind2=" ">
    <subfield code="a">FISKH</subfield>
    <subfield code="b">khr</subfield>
    <subfield code="c">FISKH</subfield>
    <subfield code="d">FISKH</subfield>
  </datafield>
  <datafield tag="050" ind1=" " ind2=" ">
    <subfield code="a">PZ7</subfield>
  </datafield>
  <datafield tag="082" ind1=" " ind2=" ">
    <subfield code="a">398.2</subfield>
  </datafield>
  <datafield tag="100" ind1=" " ind2=" ">
    <subfield code="a">Anonymous </subfield>
  </datafield>
  <datafield tag="245" ind1=" " ind2=" ">
    <subfield code="a">&#x1796;&#x17D2;&#x179A;&#x17C7;&#x1793;&#x17B6;&#x1784;&#x1796;&#x17D2;&#x179A;&#x17B7;&#x179B;&#x179F; &#x1793;&#x17B7;&#x1784; &#x1794;&#x17BB;&#x179A;&#x179F;&#x178F;&#x17BF;&#x1791;&#x17B6;&#x17C6;&#x1784;&#x17E7; /</subfield>
    <subfield code="c">By Anonymous </subfield>
  </datafield>
  <datafield tag="260" ind1=" " ind2=" ">
    <subfield code="a">Phnom Penh : </subfield>
    <subfield code="b">&#x179A;&#x17C4;&#x1784;&#x1796;&#x17BB;&#x1798;&#x17D2;&#x1796; &#x1793;&#x17B8;&#x178A;&#x17B6;&#x200B; ,</subfield>
  </datafield>
  <datafield tag="300" ind1=" " ind2=" ">
    <subfield code="a">16 pages : </subfield>
    <subfield code="b">color illustrations ; </subfield>
    <subfield code="c">21 cm . </subfield>
  </datafield>
  <datafield tag="505" ind1=" " ind2=" ">
    <subfield code="a">F 
</subfield>
  </datafield>
  <datafield tag="520" ind1=" " ind2=" ">
    <subfield code="a">&#x179A;&#x17BF;&#x1784;&#x1793;&#x17C1;&#x17C7;&#x1787;&#x17B6;&#x179A;&#x17BF;&#x1784;&#x1793;&#x17B7;&#x1791;&#x17B6;&#x1793;&#x17A2;&#x17C6;&#x1796;&#x17B8; &#x1796;&#x17D2;&#x179A;&#x17C7;&#x1793;&#x17B6;&#x1784;&#x1796;&#x17D2;&#x179A;&#x17B7;&#x179B;&#x179F; &#x178A;&#x17C2;&#x179B;&#x1798;&#x17B6;&#x1793;&#x179F;&#x1798;&#x17D2;&#x179A;&#x179F;&#x17CB;&#x179F;&#x17D2;&#x179A;&#x179F;&#x17CB;&#x179F;&#x17D2;&#x17A2;&#x17B6;&#x178F;&#x1781;&#x17D2;&#x179B;&#x17B6;&#x17C6;&#x1784;&#x17D4; &#x1798;&#x17D2;&#x178F;&#x17B6;&#x1799;&#x1785;&#x17BB;&#x1784;&#x179A;&#x1794;&#x179F;&#x17CB;&#x1793;&#x17B6;&#x1784;&#x1794;&#x1789;&#x17D2;&#x1787;&#x17B6;&#x17B2;&#x17D2;&#x1799;&#x179F;&#x17C1;&#x1793;&#x17B6;&#x1793;&#x17B6;&#x17C6;&#x1796;&#x17D2;&#x179A;&#x17C7;&#x1793;&#x17B6;&#x1784;&#x1791;&#x17C5;&#x1796;&#x17D2;&#x179A;&#x17C3;&#x178A;&#x17BE;&#x1798;&#x17D2;&#x1794;&#x17B8;&#x179F;&#x1798;&#x17D2;&#x179B;&#x17B6;&#x1794;&#x17CB; &#x1794;&#x17C9;&#x17BB;&#x1793;&#x17D2;&#x178F;&#x17C2; &#x1782;&#x17B6;&#x178F;&#x17CB;&#x1794;&#x17B6;&#x1793;&#x179B;&#x17BE;&#x1780;&#x179B;&#x17C2;&#x1784;&#x1796;&#x17D2;&#x179A;&#x17C7;&#x1793;&#x17B6;&#x1784;&#x17D4; &#x1796;&#x17D2;&#x179A;&#x17C7;&#x1793;&#x17B6;&#x1784;&#x1794;&#x17B6;&#x1793;&#x1782;&#x17C1;&#x1785;&#x1781;&#x17D2;&#x179B;&#x17BD;&#x1793;&#x1791;&#x17C5;&#x179A;&#x179F;&#x17CB;&#x1793;&#x17C5;&#x1787;&#x17B6;&#x1798;&#x17BD;&#x1799;&#x1794;&#x17BB;&#x179A;&#x179F;&#x178F;&#x17BF;&#x1791;&#x17B6;&#x17C6;&#x1784;&#x1794;&#x17D2;&#x179A;&#x17B6;&#x17C6;&#x1796;&#x17B8;&#x179A;&#x1793;&#x17B6;&#x1780;&#x17CB;&#x1780;&#x17D2;&#x1793;&#x17BB;&#x1784;&#x1796;&#x17D2;&#x179A;&#x17C3;&#x17D4;
&#x1798;&#x17D2;&#x178F;&#x17B6;&#x1799;&#x1785;&#x17BB;&#x1784;&#x1793;&#x17C5;&#x178F;&#x17C2;&#x1794;&#x1793;&#x17D2;&#x178F;&#x1796;&#x17D2;&#x1799;&#x17B6;&#x1799;&#x17B6;&#x1798;&#x179F;&#x1798;&#x17D2;&#x179B;&#x17B6;&#x1794;&#x17CB;&#x1796;&#x17D2;&#x179A;&#x17C7;&#x1793;&#x17B6;&#x1784;&#x1787;&#x17B6;&#x1785;&#x17D2;&#x179A;&#x17BE;&#x1793;&#x178A;&#x1784; &#x178A;&#x17C4;&#x1799;&#x1794;&#x17D2;&#x179A;&#x17BE;&#x1795;&#x17D2;&#x179B;&#x17C2;&#x1794;&#x17C9;&#x1798;&#x1796;&#x17BB;&#x179B;&#x17D4; &#x1794;&#x1793;&#x17D2;&#x1791;&#x17B6;&#x1794;&#x17CB;&#x1798;&#x1780;&#x1796;&#x17D2;&#x179A;&#x17C7;&#x1793;&#x17B6;&#x1784;&#x1794;&#x17B6;&#x1793;&#x179F;&#x17D2;&#x179B;&#x17B6;&#x1794;&#x17CB;&#x178A;&#x17C4;&#x1799;&#x179F;&#x17B6;&#x179A;&#x1795;&#x17D2;&#x179B;&#x17C2;&#x1794;&#x17C9;&#x17C4;&#x1798;&#x1796;&#x17BB;&#x179B; &#x17D4; &#x1796;&#x17D2;&#x179A;&#x17C7;&#x17A2;&#x1784;&#x17D2;&#x1782;&#x1798;&#x17D2;&#x1785;&#x17B6;&#x179F;&#x17CB;&#x1798;&#x17D2;&#x1793;&#x17B6;&#x1780;&#x17CB;&#x1794;&#x17B6;&#x1793;&#x1798;&#x1780;&#x1783;&#x17BE;&#x1789; &#x1793;&#x17B7;&#x1784;&#x179F;&#x1784;&#x17D2;&#x1782;&#x17C4;&#x17C7;&#x1793;&#x17B6;&#x1784; &#x1794;&#x1793;&#x17D2;&#x1791;&#x17B6;&#x1794;&#x17CB;&#x1798;&#x1780;&#x1796;&#x17BD;&#x1780;&#x1782;&#x17C1;&#x1794;&#x17B6;&#x1793;&#x179A;&#x17C0;&#x1794;&#x1780;&#x17B6;&#x179A;&#x1782;&#x17D2;&#x1793;&#x17B6; &#x1793;&#x17B7;&#x1784;&#x179A;&#x179F;&#x17CB;&#x1793;&#x17C5;&#x1799;&#x17BC;&#x179A;&#x17A2;&#x1784;&#x17D2;&#x179C;&#x17C2;&#x1784;&#x178A;&#x17C4;&#x1799;&#x179F;&#x17BB;&#x1781;&#x179F;&#x17B6;&#x1793;&#x17D2;&#x178F;&#x17D4;</subfield>
  </datafield>
  <datafield tag="520" ind1=" " ind2=" ">
    <subfield code="a">This story is a fairy tale about Snow White, who was very beautiful. Her stepmother ordered a soldier to take her into the forest to kill her, but he spared her life. Snow White escaped and went to live with seven dwarfs in the forest.
The stepmother continued to try to kill her many times, eventually using a poisoned apple. Snow White died because of the poisoned apple. Later, a prince came, found her, and rescued her. After that, they got married and lived happily ever after.</subfield>
  </datafield>
  <datafield tag="521" ind1="8" ind2=" ">
    <subfield code="a">300 
</subfield>
    <subfield code="b">Lexile estimate 
</subfield>
  </datafield>
  <datafield tag="521" ind1="8" ind2=" ">
    <subfield code="a">F 
</subfield>
    <subfield code="b">Raz-Plus 
</subfield>
  </datafield>
  <datafield tag="650" ind1=" " ind2=" ">
    <subfield code="a">&#x1796;&#x17D2;&#x179A;&#x17C7;&#x1793;&#x17B6;&#x1784;&#x1796;&#x17D2;&#x179A;&#x17B7;&#x179B;&#x179F; &#x1793;&#x17B7;&#x1784; &#x1794;&#x17BB;&#x179A;&#x179F;&#x178F;&#x17BF;&#x1791;&#x17B6;&#x17C6;&#x1784;&#x17E7;</subfield>
  </datafield>
  <datafield tag="650" ind1=" " ind2=" ">
    <subfield code="a">Snow White and the Seven Dwarfs</subfield>
  </datafield>
  <datafield tag="942" ind1=" " ind2=" ">
    <subfield code="2">ddc</subfield>
    <subfield code="c">KHB</subfield>
    <subfield code="n">0</subfield>
  </datafield>
  <datafield tag="999" ind1=" " ind2=" ">
    <subfield code="c">8665</subfield>
    <subfield code="d">8665</subfield>
  </datafield>
  <datafield tag="952" ind1=" " ind2=" ">
    <subfield code="0">0</subfield>
    <subfield code="1">0</subfield>
    <subfield code="2">ddc</subfield>
    <subfield code="4">0</subfield>
    <subfield code="7">0</subfield>
    <subfield code="8">KH</subfield>
    <subfield code="a">002</subfield>
    <subfield code="b">002</subfield>
    <subfield code="c">TTP Khmer</subfield>
    <subfield code="d">2025-10-09</subfield>
    <subfield code="l">0</subfield>
    <subfield code="o">ANO PZ7 398.2</subfield>
    <subfield code="p">FISBK072214</subfield>
    <subfield code="r">2025-10-09 09:58:00</subfield>
    <subfield code="t">1</subfield>
    <subfield code="w">2025-10-09</subfield>
    <subfield code="y">KHB</subfield>
  </datafield>
  <datafield tag="952" ind1=" " ind2=" ">
    <subfield code="0">0</subfield>
    <subfield code="1">0</subfield>
    <subfield code="2">ddc</subfield>
    <subfield code="4">0</subfield>
    <subfield code="7">0</subfield>
    <subfield code="8">KH</subfield>
    <subfield code="a">002</subfield>
    <subfield code="b">002</subfield>
    <subfield code="c">TTP Khmer</subfield>
    <subfield code="d">2025-12-12</subfield>
    <subfield code="l">0</subfield>
    <subfield code="o">ANO PZ7 398.2</subfield>
    <subfield code="p">FISBK03840</subfield>
    <subfield code="r">2025-12-12 10:28:05</subfield>
    <subfield code="t">2</subfield>
    <subfield code="w">2025-12-12</subfield>
    <subfield code="y">KHB</subfield>
  </datafield>
</record>
